00466nam a2200169 a 4500001001300000003000900013005001700022008004100039020001000080082001700090100002300107245002800130260005000158500003500208650003000243700002300273nice12345678IN_TiNIC20260116012533.0070917s0000 hyda grp 000 0 eng  ac10000a297.4bKHA14 aKhan, Mohammad Ali aTazkera Auliya-E-deccan aHyderabadbNational Fine Printing Pressc0000 aincludes index and biblioraphy aSufism-Hagiography-Deccan1 aKhan, Mohammad Ali